[Event "XXVII. Abierto de Sevilla"]
[Site "?"]
[Date "2002.01.12"]
[Round "2"]
[White "Borondo Garcia, R."]
[Black "Cifuentes Parada, R."]
[Result "0-1"]
[WhiteElo "2018"]
[BlackElo "2521"]
[PlyCount "46"]
[EventDate "2002.01.12"]

1. e4 c5 2. Nf3 Nc6 3. d4 cxd4 4. Nxd4 Nf6 5. Nc3 d6 6. Bg5 Bd7 7. Qd2 Rc8 8.
Be2 a6 9. f3 (9. O-O Nxd4 10. Qxd4 Qa5 11. Bh4 Qc5 12. Rad1 g5 13. Bg3 Qxd4 14.
Rxd4 Bg7 15. Rd2 Rxc3 16. bxc3 Nxe4 17. Rd3 Nxc3 18. Bf3 Bb5 19. Re1 Bxd3 20.
cxd3 d5 21. h4 h6 22. a3 Kd7 23. Bh5 Rf8 24. f4 Bd4+ 25. Kh2 f5 26. Kh3 g4+ 27.
Kh2 Rf6 28. Rf1 Na4 29. Bf2 Bxf2 30. Rxf2 Nc5 31. Rb2 31... b5 {
0-1 Ankerst,M-Grosar,K/SLO-ch (Women) 1994/EXT 98 (31).}) 9... e6 10. a4 Be7
11. O-O Nxd4 12. Qxd4 d5 13. Kh1 dxe4 14. fxe4 Bc6 15. Qe3 O-O 16. Bxf6 16...
Bxf6 { } 17. Rad1 (17. e5) 17... Qa5 $17 18. Rf3 Rcd8 19. Bd3 $6 19... Bxc3 20.
bxc3 Qxc3 21. Rg3 Qe5 22. Re1 f6 23. Qh6 Qxg3 0-1

[Event "XXVII. Abierto de Sevilla"]
[Site "?"]
[Date "2002.01.12"]
[Round "2"]
[White "Komljenovic, D."]
[Black "Garcia Garcia, E."]
[Result "1-0"]
[WhiteElo "2505"]
[BlackElo "2029"]
[PlyCount "49"]
[EventDate "2002.01.12"]

1. g3 Nf6 2. Bg2 d5 3. Nf3 Bf5 4. d3 e6 5. c4 c6 6. Qb3 Qb6 7. Be3 Qxb3 8. axb3
Bb4+ 9. Nc3 a6 10. Nh4 Bg6 11. h3 Nbd7 12. Kd1 O-O 13. Kc2 Rac8 14. g4 Be7 15.
f4 Ne8 16. Bf2 f6 17. Nxg6 hxg6 18. Rac1 Bc5 19. Bxc5 Nxc5 20. d4 Nd7 21. e4
Nb6 22. c5 Nd7 23. exd5 23... exd5 { } 24. Nxd5 Kf7 (24... cxd5 25. Bxd5+ Kh7
26. Bxb7 Rd8 27. b4) 25. Rhe1 1-0

[Event "XXVII. Abierto de Sevilla"]
[Site "?"]
[Date "2002.01.12"]
[Round "2"]
[White "Blancafort Batet, J."]
[Black "Paragua, M."]
[Result "0-1"]
[WhiteElo "2003"]
[BlackElo "2469"]
[PlyCount "50"]
[EventDate "2002.01.12"]

1. c4 g6 2. Nc3 Bg7 3. g3 e5 4. Bg2 Nc6 5. d3 d6 6. Nf3 Nf6 7. O-O O-O 8. Bg5
h6 9. Bd2 Be6 10. Rc1 Qd7 11. Re1 Nh5 12. Nd5 f5 13. Bc3 Rae8 14. b4 Nd8 15. e4
f4 16. Bd2 c6 17. Nc3 Bg4 18. Rf1 Nf7 19. Ne2 Bxf3 20. Bxf3 Ng5 21. Bxh5 { }
21... f3 22. Bxg5 $2 (22. Bxf3 Nxf3+ 23. Kg2 d5 24. cxd5 cxd5 25. Nc3) 22...
gxh5 23. Kh1 Qh3 24. Rg1 fxe2 25. Qxe2 hxg5 0-1

[Event "XXVII. Abierto de Sevilla"]
[Site "?"]
[Date "2002.01.12"]
[Round "2"]
[White "Castillo Gomez, J."]
[Black "Matamoros Franco, C."]
[Result "0-1"]
[WhiteElo "2135"]
[BlackElo "2456"]
[PlyCount "58"]
[EventDate "2002.01.12"]

1. d4 Nf6 2. Nf3 c5 3. d5 3... b5 { } 4. Nbd2 Nxd5 5. Nb3 e6 6. e4 Nc7 7. Bf4
d6 8. Nxc5 e5 9. Bg3 dxc5 10. Qxd8+ Kxd8 11. O-O-O+ Ke8 12. Bxe5 Nba6 13. a4
bxa4 14. Bc4 Be6 15. Rd5 f6 16. Bg3 Bxd5 17. exd5 Rd8 18. Re1+ Kd7 19. Bd3 g6
20. d6 Bxd6 21. Bxd6 Kxd6 22. Nd2 Rhe8 23. Nc4+ Kd7 24. Rd1 Kc8 25. Na5 Nb4 26.
Bc4 Rxd1+ 27. Kxd1 Rd8+ 28. Kc1 Rd6 29. c3 Nc6 0-1

[Event "XXVII. Abierto de Sevilla"]
[Site "?"]
[Date "2002.01.12"]
[Round "2"]
[White "Mellado Trivino, J."]
[Black "Sanz Bosh, N."]
[Result "1-0"]
[WhiteElo "2447"]
[BlackElo "2001"]
[PlyCount "29"]
[EventDate "2002.01.12"]

1. c4 c5 2. Nc3 Nc6 3. Nf3 Nf6 4. d4 4... e6 $6 5. d5 { } 5... Ne7 $2 6. d6 $18
6... Nf5 7. e4 Nxe4 (7... Nh6 8. Nb5) 8. Nxe4 Qa5+ 9. Bd2 Qb6 10. Bc3 f6 11.
Bd3 Nxd6 12. Qc2 Nf7 13. O-O Be7 14. Ng3 d6 15. Bxh7 1-0

[Event "XXVII. Abierto de Sevilla"]
[Site "?"]
[Date "2002.01.12"]
[Round "2"]
[White "Teran Alvarez, I."]
[Black "Lopez Gonzalez, D."]
[Result "1-0"]
[WhiteElo "2392"]
[BlackElo "2092"]
[PlyCount "45"]
[EventDate "2002.01.12"]

1. e4 c5 2. Nc3 Nc6 3. g3 g6 4. Bg2 Bg7 5. d3 e6 6. Be3 d6 7. Qd2 Rb8 8. Nf3
Nd4 9. O-O Ne7 10. Ne1 Qa5 11. Bh6 O-O 12. Nd5 Qd8 13. Nxe7+ Qxe7 14. Bxg7 Kxg7
15. c3 Nc6 16. d4 cxd4 17. cxd4 e5 18. Nc2 f5 19. d5 Nd8 20. exf5 gxf5 (20...
Bxf5) 21. f4 { } 21... e4 $2 22. Qd4+ Rf6 23. Qxa7 1-0

[Event "XXVII. Abierto de Sevilla"]
[Site "?"]
[Date "2002.01.12"]
[Round "2"]
[White "Meana Fdez-Palacio, M."]
[Black "Rustemov, A."]
[Result "0-1"]
[WhiteElo "2084"]
[BlackElo "2607"]
[PlyCount "108"]
[EventDate "2002.01.12"]

1. e4 e6 2. d4 d5 3. Nc3 Nf6 4. e5 Nfd7 5. f4 c5 6. Nf3 Nc6 7. a3 cxd4 8. Nxd4
Nxd4 9. Qxd4 Bc5 10. Qd1 Nb6 11. b4 Be7 12. Qg4 O-O 13. Bd3 f5 14. Qf3 a5 15.
Rb1 axb4 16. axb4 Bd7 17. Ne2 Nc4 18. Bxc4 dxc4 19. Nd4 Bh4+ 20. g3 Be7 21. c3
b5 22. g4 fxg4 23. Qxg4 Rf7 24. h4 Ra2 25. Rb2 Ra1 26. O-O Bxh4 27. Rd2 Be7 28.
Nxb5 Qb6+ 29. Nd4 Bf8 30. Qf3 g6 31. Kh2 Bh6 32. Rdf2 Bc8 33. Qg3 Bg7 34. Be3
Rxf1 35. Rxf1 Qa6 36. b5 Qa5 37. Qe1 Qd8 38. Kg3 Qd5 39. Qe2 Bb7 40. Qf3 $2 (
40. Rd1) 40... Bxe5 41. Qxd5 Bxd5 42. Ra1 Bc7 43. Ne2 h5 44. b6 Bd6 45. Ra7 Bb8
46. Rxf7 Kxf7 47. Kh4 Bd6 48. Bd4 Be7+ 49. Kg3 Ke8 50. Be5 Kd7 51. Nd4 Bc5 52.
Kh4 Bxb6 53. Kg5 Be4 54. f5 Bxf5 0-1

[Event "XXVII. Abierto de Sevilla"]
[Site "?"]
[Date "2002.01.12"]
[Round "2"]
[White "Pogorelov, R."]
[Black "Benito Alba, E."]
[Result "1-0"]
[WhiteElo "2460"]
[BlackElo "2026"]
[PlyCount "87"]
[EventDate "2002.01.12"]

1. c4 e5 2. Nc3 Nf6 3. Nf3 Nc6 4. g3 d5 5. cxd5 Nxd5 6. Bg2 Nb6 7. O-O Be7 8.
d3 O-O 9. a3 Be6 10. b4 a6 11. Be3 Nd5 12. Nxd5 Bxd5 13. Rc1 f5 14. Bc5 Re8 15.
Bxe7 Qxe7 16. Rc5 Rad8 17. Qc1 e4 18. dxe4 fxe4 19. Nd2 Nd4 20. Re1 c6 21. e3
Nf3+ 22. Nxf3 exf3 23. Bf1 Qf7 24. h3 Kh8 25. Kh2 Rd7 26. Rd1 Bb3 27. Rxd7 Qxd7
28. Rc3 Bd5 29. Qd2 Qe7 30. Qd4 Qe5 31. Qxe5 31... Rxe5 { } 32. g4 h5 33. Kg3
hxg4 34. hxg4 g5 35. Bc4 Be4 36. Bd3 Bd5 37. Bf5 Kg7 38. e4 Be6 39. Kxf3 Bxf5
40. gxf5 Kf6 41. Ke3 Ke7 42. f4 gxf4+ 43. Kxf4 Rb5 44. Rc5 1-0

[Event "XXVII. Abierto de Sevilla"]
[Site "?"]
[Date "2002.01.12"]
[Round "2"]
[White "Oliva Del Amo, A."]
[Black "Cabrera , A."]
[Result "0-1"]
[WhiteElo "2091"]
[BlackElo "2440"]
[PlyCount "162"]
[EventDate "2002.01.12"]

1. b3 e5 2. Bb2 d6 3. g3 g6 4. d4 Bg7 5. dxe5 Nc6 6. Nf3 Nge7 7. Nc3 Nxe5 8.
Nxe5 Bxe5 9. Bg2 O-O 10. O-O c6 11. Na4 Qc7 12. e4 Be6 13. Bxe5 dxe5 14. Nc5
Bc8 15. Qe2 b6 16. Na4 Be6 17. Rad1 Rad8 18. Rxd8 Rxd8 19. Rd1 Rd4 20. c3 Rd6
21. Nb2 b5 22. Rd3 Rxd3 23. Qxd3 Qa5 24. Nd1 Nc8 25. f4 Qc7 26. f5 Bd7 27. Ne3
Kg7 28. Ng4 f6 29. Ne3 Qd6 30. Qxd6 Nxd6 31. g4 Be8 32. Kf2 Bf7 33. Kf3 c5 34.
fxg6 hxg6 35. Bf1 Be8 36. Nd5 Bc6 37. c4 Bxd5 38. cxd5 g5 39. a4 c4 40. bxc4
bxc4 41. Ke3 Kf7 42. Bg2 a5 43. Kd2 Ke7 44. Kc3 Kd7 45. Bf3 Kc7 46. Bg2 Kb6 47.
Bf3 Kc5 48. Bg2 Kb6 49. Bf3 Kb7 50. Bg2 Kc7 51. Bh1 Nb7 52. Kxc4 Kb6 53. Bf3
53... Nc5 { } 54. Bd1 Nxe4 55. d6 Nc5 56. Kd5 e4 57. d7 Nxd7 58. Kxe4 Kc5 59.
Kf5 Kd6 60. Be2 Ke7 61. Bb5 Nc5 62. Bc6 Nd3 63. Bb5 Ne5 64. h4 gxh4 65. g5 Nd7
66. Bxd7 Kxd7 67. g6 h3 68. g7 h2 69. g8=Q h1=Q 70. Qe6+ Kc7 71. Qf7+ Kb6 72.
Qxf6+ 72... Kc5 { } 73. Qe5+ (73. Qc3+) 73... Kb4 74. Qb5+ Ka3 75. Ke6 (75. Kf4
) 75... Qe4+ 76. Kd6 Qxa4 77. Qe2 Qd4+ 78. Kc6 a4 79. Qf3+ Kb2 80. Qe2+ Kb3 81.
Qe6+ Qc4+ 0-1

[Event "XXVII. Abierto de Sevilla"]
[Site "?"]
[Date "2002.01.12"]
[Round "2"]
[White "Garcia Luque, A."]
[Black "Justiniano Marquez, M."]
[Result "1-0"]
[WhiteElo "2425"]
[BlackElo "2124"]
[PlyCount "115"]
[EventDate "2002.01.12"]

1. e4 d5 2. exd5 Qxd5 3. Nc3 Qa5 4. Be2 Nf6 5. Nf3 Nc6 6. a3 Bg4 7. O-O O-O-O
8. d3 Bxf3 9. Bxf3 Nd4 10. Be3 e6 11. Bxd4 Rxd4 12. b4 Qg5 13. g3 h5 14. Bg2
Qf5 15. Qf3 Qxf3 16. Bxf3 Kb8 17. Rfe1 Be7 18. Re5 { } 18... Nd7 19. Rxh5 Rxh5
20. Bxh5 g6 21. Be2 Nf6 22. Rb1 Rd8 23. Rb3 Kc8 24. Bf3 Kb8 25. h4 Bd6 26. Kg2
Be7 27. Na4 Nd7 28. Kf1 Kc8 29. Bg2 Kb8 30. Ke2 Kc8 31. d4 c6 32. Rf3 Rf8 33.
Bh3 Kc7 34. Nb2 Bf6 35. c3 Kd6 36. Nc4+ Ke7 37. Na5 Rb8 38. Rd3 Ke8 39. c4 Nb6
40. Bg2 Kf8 41. f4 Kg7 42. Bf3 Kf8 43. Ke3 Rc8 44. c5 Nd5+ 45. Bxd5 exd5 46.
Nxb7 Re8+ 47. Kd2 Re4 48. Kc3 Ke7 49. Na5 Kd7 50. Nb3 Bd8 51. Kd2 f5 52. Re3 a6
53. Kd3 Ke6 54. Nd2 Rxe3+ 55. Kxe3 a5 56. Nb3 axb4 57. axb4 Kd7 58. Nc1 1-0

[Event "XXVII. Abierto de Sevilla"]
[Site "?"]
[Date "2002.01.12"]
[Round "2"]
[White "Candela Perez, J."]
[Black "Caro Rodriguez, J.A."]
[Result "1-0"]
[WhiteElo "2399"]
[BlackElo "2114"]
[PlyCount "67"]
[EventDate "2002.01.12"]

1. d4 f5 2. e4 fxe4 3. Nc3 g6 4. Nxe4 d5 5. Ng3 Nc6 6. Bb5 Qd6 7. c3 Bg7 8. Nf3
Bd7 9. O-O O-O-O 10. Re1 Rf8 11. a4 h5 12. Nf1 Bg4 13. N1d2 Bh6 14. Qc2 Bf5 15.
Bd3 Qf6 16. Nb3 g5 17. Nc5 g4 18. Ne5 Nxe5 19. Rxe5 Bxd3 20. Nxd3 c6 21. Qe2
Bxc1 22. Rxc1 Rh6 23. b4 Kb8 24. Nc5 Qd6 25. b5 Rhf6 26. Rf1 { } 26... b6 27.
Na6+ Kb7 28. Nb4 c5 29. Rxd5 cxb4 30. Rxd6 exd6 31. cxb4 R8f7 32. Qe8 Ne7 33.
Rc1 Rxf2 34. Qd7+ 1-0

[Event "XXVII. Abierto de Sevilla"]
[Site "?"]
[Date "2002.01.12"]
[Round "2"]
[White "Estremera Panos, S."]
[Black "Rivadulla Horrillo, J.M."]
[Result "1-0"]
[WhiteElo "2383"]
[BlackElo "2076"]
[PlyCount "83"]
[EventDate "2002.01.12"]

1. d4 Nf6 2. c4 g6 3. Nc3 Bg7 4. e4 d6 5. Nf3 O-O 6. Be2 e5 7. O-O Nc6 8. d5
Ne7 9. b4 Ne8 10. c5 Kh8 11. a4 f5 12. Nd2 Ng8 13. Ba3 f4 14. Bg4 Bxg4 15. Qxg4
Ngf6 16. Qe2 g5 17. f3 Rg8 18. a5 Bf8 19. g4 fxg3 20. hxg3 Nh5 21. Qh2 Nef6 22.
Nc4 Rg6 23. Ne3 Qd7 24. Nf5 g4 25. f4 $2 (25. a6 $14) 25... exf4 26. gxf4 { } (
26. Nh4) 26... g3 (26... Nxe4 27. Qxh5 Nf6 28. c6 bxc6 29. dxc6 Qe6 30. Qh4
30... Qxf5 $19) 27. Qh3 Ng7 28. Bb2 (28. a6 bxa6 29. c6 Qc8 30. Bb2) 28... dxc5
$19 29. b5 Nxf5 (29... Re8) 30. Qxf5 Qxf5 31. exf5 Rh6 32. Ne4 Bg7 33. Ng5 Rh2
34. Be5 34... Nxd5 $6 (34... h5 35. Ra3 h4) 35. Ra3 h6 36. Rxg3 Bxe5 37. fxe5
Re2 38. Nf3 38... Kh7 $6 (38... Ne3) 39. Rd1 c6 (39... Rd8) 40. a6 bxa6 41.
bxc6 Ne3 (41... Nb6) 42. Rd7+ 1-0

[Event "XXVII. Abierto de Sevilla"]
[Site "?"]
[Date "2002.01.12"]
[Round "2"]
[White "Tissir, M."]
[Black "Gomez Trigo, J."]
[Result "1-0"]
[WhiteElo "2368"]
[BlackElo "2044"]
[PlyCount "87"]
[EventDate "2002.01.12"]

1. e4 e5 2. Nf3 Nc6 3. d4 exd4 4. Nxd4 Nf6 5. Nxc6 bxc6 6. e5 Qe7 7. Qe2 Nd5 8.
c4 Ba6 9. g3 g6 10. b3 Bg7 11. Bb2 O-O-O 12. Bg2 Rhe8 13. O-O Bxe5 14. Qxe5
Qxe5 15. Bxe5 Rxe5 16. cxd5 Rde8 (16... Bxf1 17. Kxf1 cxd5 18. Nc3 c6 19. Rc1
Kb7 20. Na4 d6 21. Nb2 Re7 22. Nd3 Rc7 23. Ke2 Kb6 24. Kd2 Re8 25. a4 g5 26. g4
h6 27. Nb4 a5 28. Nc2 Re5 29. Ne3 f6 30. h3 Rd7 31. Bf3 Rd8 32. Kd3 Kb7 33. h4
Kb6 34. Rh1 Kc5 35. hxg5 hxg5 36. Nf5 Kb4 37. Nd4 Rc8 38. Rh7 Ka3 39. Rb7 Ka2
40. Rb6 c5 41. Nb5 c4+ 42. bxc4 dxc4+ 43. Kc2 Re1 44. Nxd6 Rf1 45. Ne4 Re8 46.
Rxf6 Rb8 47. Nc3+ Ka3 48. Nd1 Kxa4 49. Be2 Re1 50. Bxc4 Kb4 51. Rc6 a4 52. Ne3
Rf8 53. Kd2 Rg1 54. Nc2+ {
1-0 Ashley,M-Fernandez,D/Philadelphia 2001/EXT 2002 (54).}) 17. Nc3 Bxf1 18.
Kxf1 cxd5 19. Bxd5 f5 20. h4 c6 21. Bf3 h6 22. b4 a5 23. a3 Kc7 24. Rc1 axb4
25. axb4 Rb8 26. b5 { } 26... Rc5 27. Nd5+ Kd6 28. Rxc5 Kxc5 29. bxc6 dxc6 30.
Ne7 Rb6 31. h5 Rb7 32. Ng8 gxh5 33. Nxh6 Kb4 34. Nxf5 Rf7 35. Be4 c5 36. Ne3
Kc3 37. Bg6 Ra7 38. Bxh5 Kd2 39. Be8 Ra1+ 40. Kg2 Rc1 41. g4 Ra1 42. g5 Ra7 43.
g6 Rg7 44. Nf5 1-0

[Event "XXVII. Abierto de Sevilla"]
[Site "?"]
[Date "2002.01.13"]
[Round "3"]
[White "Rustemov, A."]
[Black "Frois, A."]
[Result "1/2-1/2"]
[WhiteElo "2607"]
[BlackElo "2354"]
[PlyCount "80"]
[EventDate "2002.01.12"]

1. d4 d5 2. c4 e6 3. Nf3 c5 4. cxd5 exd5 5. g3 Nc6 6. Bg2 Nf6 7. O-O Be7 8. Nc3
O-O 9. Bg5 cxd4 10. Nxd4 h6 11. Bf4 Bg4 12. h3 Be6 13. Rc1 Qd7 14. Nxe6 fxe6
15. e4 d4 16. e5 dxc3 17. exf6 Qxd1 18. Rfxd1 Bxf6 19. bxc3 Rad8 20. Be3 (20.
Re1 Rfe8 21. Be4 Kf7 22. Rc2 Rd7 23. Kg2 Rc8 24. Be3 b6 25. Rec1 Na5 26. c4 Nb7
27. Bxb7 Rxb7 28. c5 Rbc7 29. c6 Be5 30. Kf3 Bd6 31. Ke4 Bc5 32. Bxc5 Rxc6 33.
Kd4 Rd8+ 34. Ke4 Rdc8 35. Kd4 Rd8+ 36. Ke3 36... Rdc8 {
-  Jobava,B-Frois,A/Linares 2001/CBM 81 (36)}) 20... a6 (20... Rxd1+ 21. Rxd1
Rf7 22. c4 Rc7 23. Kf1 Nb4 24. a3 Nc2 25. Bxa7 Rxc4 26. Bxb7 Rc7 27. Be4 Rxa7
28. Bxc2 Rxa3 29. Rd7 Kf8 30. Bg6 Ra1+ 31. Kg2 Ra8 32. h4 Rd8 33. Rf7+ Kg8 34.
Rb7 Kf8 35. Bf7 Rd6 36. Kh3 Be7 37. Bg6 Bf6 38. f3 Rd1 39. Kg4 Rd4+ 40. Be4 Ke8
41. Kh5 Rd1 42. Kg6 Rg1 43. g4 Bxh4 44. Bc6+ Kd8 45. Rd7+ Kc8 46. Rxg7 Bg5 47.
Bd7+ Kd8 48. Bxe6 Re1 49. Rg8+ Ke7 50. Bf5 Ra1 51. Rg7+ Kd6 52. Be4 Ke5 53. Rb7
Ra6+ 54. Kg7 Re6 55. Rb4 Re7+ 56. Kg6 Re6+ 57. Kh5 Rd6 58. Bb7 Rd4 59. Rb5+ Kf4
60. Rb6 Rd7 61. Rb4+ Kg3 62. Kg6 Rd6+ 63. Kf5 Rf6+ 64. Ke5 Rf8 65. Rb3 Re8+ 66.
Kf5 Rf8+ 67. Kg6 Rf6+ 68. Kg7 Rd6 69. Be4 Kf4 70. Rb5 Rd7+ 71. Kg6 Rd6+ 72. Kh5
Rf6 73. Ra5 Rf8 74. Kg6 Rf6+ 75. Kh5 Rf8 76. Ra4 Kg3 77. Ra6 Rf6 78. Ra8 Rb6
79. Rc8 Rf6 80. Rc7 Kf4 81. Rc4 Kg3 82. Rb4 Bf4 83. Rb5 Rf8 84. Rb6 Rg8 85. Rc6
Rg7 86. Rf6 Rg8 87. Bc6 Rg7 88. Be4 Rg8 89. Rf7 Rg5+ 90. Kxh6 Rf5+ 91. Kg6 Rxf7
92. Kxf7 Bg5 93. Kg6 Kf4 94. Kh5 94... Bd8 {
-  Matlak,M-Pastor,K/CZE 1996/EXT 2000 (94).}) 21. Bb6 Rxd1+ 22. Rxd1 Bxc3 23.
Bxc6 bxc6 24. Rc1 Rb8 25. Be3 Bf6 26. Rxc6 Rb1+ 27. Kg2 a5 28. Rc5 a4 29. Ra5
Rb4 30. Kf3 Kf7 31. Ra7+ Kg6 32. Ra6 Kf7 33. g4 Rc4 34. Ra7+ Kg6 35. Ra5 Kf7
36. Kg3 Bd4 37. Bxd4 Rxd4 38. f3 Kf6 39. h4 e5 40. Ra6+ 40... Kf7 { } 1/2-1/2

[Event "XXVII. Abierto de Sevilla"]
[Site "?"]
[Date "2002.01.13"]
[Round "3"]
[White "Spraggett, K."]
[Black "Calvo, J.M."]
[Result "1-0"]
[WhiteElo "2541"]
[BlackElo "2285"]
[PlyCount "75"]
[EventDate "2002.01.12"]

1. e4 d6 2. d4 Nf6 3. Nc3 Nbd7 4. f4 e5 5. Nf3 exd4 6. Qxd4 c6 7. Be2 d5 8.
exd5 (8. e5 Bc5 9. Qd3 (9. Qd1 Ng4 10. Nd4 Ngxe5 11. Be3 Ng6 12. Qd2 O-O 13.
O-O-O Re8 14. h4 Nf6 15. h5 Nf8 16. h6 Qe7 17. Bf2 Ng4 18. Bxg4 Bxg4 19. hxg7
Kxg7 20. f5 h5 21. Rdf1 Nh7 22. Kb1 Kg8 23. a3 Rac8 24. Bg1 Qf6 25. Nce2 Re4
26. c3 Bd6 27. Nf4 Qg5 28. Bh2 Rce8 29. Ka1 a6 30. g3 Bxf4 31. gxf4 Qh4 32.
Rfg1 Qd8 33. Bg3 Qd6 34. Qh2 Kf8 35. Qf2 c5 36. Nb3 b6 37. Re1 Rxe1+ 38. Rxe1
Rxe1+ 39. Qxe1 Bxf5 40. Nd2 Qe6 41. Qxe6 Bxe6 42. b4 Nf6 43. Kb2 Kg7 44. bxc5
bxc5 45. Bf2 Ne4 46. Nxe4 dxe4 47. Kc2 Kg6 48. Kd2 Kf5 49. Bxc5 Kxf4 50. Ke2
Kg3 51. Bd6+ Kg2 52. Be7 f5 53. Ke3 Kf1 54. Bf6 Ke1 55. Be7 Kd1 56. a4 Kc2 57.
a5 Kxc3 58. Bd8 Kb4 59. Kd4 Bd7 60. Ke3 Bc6 61. Kf4 Bd7 62. Ke3 h4 63. Bxh4
Kxa5 64. Kd4 Kb5 65. Be7 a5 66. Bd6 Be8 67. Kc3 Kc6 68. Bf4 Kd5 69. Bg3 Bb5 70.
Bf4 a4 71. Bg3 71... e3 {1-0 Fogarasi,T-Miltner,A/Budapest 1996/CBM 54 ext (71)
}) 9... Ng4 10. Nd1 Bb6 11. Qa3 Nc5 12. h3 Nh6 13. g4 f5 14. g5 Nf7 15. Be3 Ne6
16. Nf2 Bxe3 17. Qxe3 Qb6 18. Qxb6 axb6 19. Nd3 c5 20. b3 Bd7 21. Kf2 Ra3 22.
Nd2 Ke7 23. c4 Bc6 24. Rhd1 Rha8 25. cxd5 Bxd5 26. Nb1 Bxb3 27. Nxa3 Bxd1 28.
Bxd1 Rxa3 29. Bb3 Nfd8 30. g6 hxg6 31. Rg1 31... b5 {
0-1 Haag,E-Kiss,A/HUN-chT2 9394 1994/TD (31).}) 8... Bc5 9. Qd3 cxd5 10. Be3
O-O 11. O-O-O Re8 12. Ne5 Qe7 (12... Qb6 $5 13. Bxc5 Nxc5 14. Qb5 Qxb5 15. Bxb5
Rd8) 13. Bf3 Nxe5 14. fxe5 Bxe3+ 15. Qxe3 Qxe5 16. Qxe5 Rxe5 17. Nxd5 Nxd5 18.
Rxd5 (18. Bxd5 Re7) 18... Rxd5 19. Bxd5 Kf8 20. Re1 Rb8 21. c4 b6 22. Kc2 { }
22... Bf5+ (22... Bb7 $5 23. Kd3 Bxd5 24. cxd5 Rd8 (24... Re8 25. Rc1) 25. Kd4
Re8) 23. Kc3 Re8 24. Rxe8+ Kxe8 25. Kd4 Ke7 26. c5 bxc5+ 27. Kxc5 Be6 28. b4
$16 28... f5 29. a4 g5 30. b5 f4 31. a5 g4 32. Be4 Kf6 33. a6 Ke5 34. Bb7 Bf5
35. b6 axb6+ 36. Kxb6 Be4 37. Bxe4 Kxe4 38. a7 1-0

[Event "XXVII. Abierto de Sevilla"]
[Site "?"]
[Date "2002.01.13"]
[Round "3"]
[White "Cifuentes Parada, R."]
[Black "Nuevo Perez, A."]
[Result "1-0"]
[WhiteElo "2521"]
[BlackElo "2169"]
[PlyCount "80"]
[EventDate "2002.01.12"]

1. d4 Nf6 2. c4 c5 3. d5 a6 4. Qc2 e5 5. e4 d6 6. Nc3 Be7 7. Bd3 Nh5 8. h4 g6
9. g3 Nd7 10. Nge2 Nhf6 11. f3 h5 12. Be3 Bf8 13. Qd2 Ng8 14. Nd1 Bh6 15. Nf2
Bxe3 16. Qxe3 Ndf6 17. Nc3 Bd7 18. a3 Nh6 19. b4 cxb4 20. axb4 a5 21. bxa5 Rxa5
22. O-O Kf8 23. Rab1 Ra3 24. Qc1 Ra7 25. c5 Qc7 26. cxd6 Qxd6 27. Qe3 Qb8 28.
Rb6 Kg7 29. Rfb1 $16 29... Rc8 30. Ne2 Ne8 31. Qd2 Qc7 32. Qb2 Rb8 33. Rc1 $18
33... Ra2 34. Rxg6+ fxg6 35. Qxa2 Qb6 36. Qa1 Nf7 37. Kg2 Qe3 38. Rc3 Rc8 39.
f4 Rxc3 40. Qxc3 { } 40... Bg4 {tiempo} (40... Bg4 41. Nxg4 hxg4 42. fxe5 $18)
1-0

[Event "XXVII. Abierto de Sevilla"]
[Site "?"]
[Date "2002.01.13"]
[Round "3"]
[White "Matamoros Franco, C."]
[Black "Garrido Dominguez, J."]
[Result "1-0"]
[WhiteElo "2456"]
[BlackElo "2141"]
[PlyCount "67"]
[EventDate "2002.01.12"]

1. c4 f5 2. g3 Nf6 3. Bg2 d6 4. Nc3 c6 5. d3 e5 6. e4 Be7 7. Nge2 O-O 8. O-O
fxe4 9. dxe4 Nbd7 10. h3 Nh5 11. Be3 Qe8 12. Qd2 Nc5 13. b3 Ne6 14. Kh2 g5 15.
f3 Qg6 16. Rad1 Rf7 17. b4 Rg7 18. g4 Nhf4 19. Ng3 Nxg2 20. Qxg2 Nf4 21. Bxf4
gxf4 22. Nf5 Bxf5 23. exf5 Qf7 24. Ne4 { } 24... d5 (24... Rd8 $5 25. f6 Bxf6
26. Rxd6 Rxd6 27. Nxd6 Qg6 28. Rd1 Rd7 29. Rd2 $14) 25. cxd5 cxd5 26. f6 26...
dxe4 $2 (26... Bxf6 27. Rxd5 $14) 27. fxg7 exf3 28. Qxf3 28... Rc8 $2 (28...
Bf6) 29. Qxb7 $18 29... Qxa2+ 30. Kh1 Qc4 31. Qxe7 Qe4+ 32. Kg1 Qe3+ 33. Rf2
Qg3+ 34. Kh1 1-0

[Event "XXVII. Abierto de Sevilla"]
[Site "?"]
[Date "2002.01.13"]
[Round "3"]
[White "Ponferrada Luque, V.M."]
[Black "Estremera Panos, S."]
[Result "1/2-1/2"]
[WhiteElo "1965"]
[BlackElo "2383"]
[PlyCount "62"]
[EventDate "2002.01.12"]

1. d4 Nf6 2. c4 e6 3. Nc3 Bb4 4. e3 O-O 5. Bd3 d5 6. a3 Bxc3+ 7. bxc3 dxc4 8.
Bxc4 c5 9. Nf3 Qc7 10. Qd3 Nc6 11. O-O e5 12. e4 cxd4 13. cxd4 exd4 14. Re1 Ng4
15. Bd5 Be6 16. Bxc6 bxc6 17. Qxd4 c5 18. Qc3 Rab8 19. h3 { } 19... Rb3 20. Qc2
Rxf3 21. hxg4 Rb3 22. Re3 Rfb8 23. Rxb3 Rxb3 24. Be3 24... c4 $15 25. g5 f6 (
25... a6) 26. gxf6 Qe5 27. Rd1 Qxf6 28. Bxa7 Rxa3 29. Bd4 $11 29... Qg6 30. Ra1
Rxa1+ 31. Bxa1 h6 1/2-1/2

[Event "XXVII. Abierto de Sevilla"]
[Site "?"]
[Date "2002.01.13"]
[Round "3"]
[White "Barrero Garcia, C."]
[Black "Campora Sivori, D."]
[Result "1/2-1/2"]
[WhiteElo "2308"]
[BlackElo "2542"]
[PlyCount "33"]
[EventDate "2002.01.12"]

1. e4 e5 2. Nf3 Nc6 3. Bb5 a6 4. Ba4 Nf6 5. O-O Be7 6. Re1 b5 7. Bb3 O-O 8. h3
Bb7 9. d3 d6 10. c3 Na5 11. Bc2 c5 12. Nbd2 Re8 13. Nf1 Bf8 14. Ne3 g6 15. Ng4
Nxg4 16. hxg4 Bg7 17. Be3 { } 1/2-1/2

[Event "XXVII. Abierto de Sevilla"]
[Site "?"]
[Date "2002.01.13"]
[Round "3"]
[White "Lalic, B."]
[Black "Barrios Munoz, A."]
[Result "1-0"]
[WhiteElo "2523"]
[BlackElo "2179"]
[PlyCount "63"]
[EventDate "2002.01.12"]

1. d4 Nf6 2. c4 g6 3. Nc3 Bg7 4. e4 d6 5. f3 O-O 6. Nge2 e5 7. Bg5 Nc6 8. d5
Ne7 9. Qd2 a6 10. g4 c6 11. Ng3 b5 12. O-O-O cxd5 13. cxd5 b4 14. Nce2 a5 15.
Kb1 Ba6 16. h4 Nd7 17. Nc1 Bxf1 18. Rdxf1 Nb6 19. Qe2 f6 20. Be3 Rc8 21. h5 g5
22. h6 Bh8 23. Nd3 Nc4 24. Rc1 Nxe3 25. Qxe3 Rxc1+ (25... b3 $5) 26. Rxc1 Qb8
27. Nf5 Nxf5 28. gxf5 { } 28... Rf7 (28... b3 $5) 29. Nf2 Rd7 30. Rc6 30... Rb7
$2 31. Qc1 Qa7 32. Rc8+ 1-0

[Event "XXVII. Abierto de Sevilla"]
[Site "?"]
[Date "2002.01.13"]
[Round "3"]
[White "Martin Vazquez, J.M."]
[Black "Komljenovic, D."]
[Result "0-1"]
[WhiteElo "2194"]
[BlackElo "2505"]
[PlyCount "82"]
[EventDate "2002.01.12"]

1. d4 Nf6 2. Nf3 g6 3. c4 Bg7 4. Nc3 O-O 5. e4 d6 6. h3 a6 7. Be2 c5 8. O-O
cxd4 9. Nxd4 Nc6 10. Be3 Nxd4 11. Bxd4 Be6 12. Qd2 Nd7 13. Bxg7 Kxg7 14. Qd4+
Kg8 15. Nd5 Bxd5 16. exd5 Qb6 17. Qxb6 Nxb6 18. b3 Nd7 19. Rfe1 Rfe8 20. Bf1 a5
21. a3 Kf8 22. f4 e5 23. dxe6 Rxe6 24. Bd3 Nc5 25. Bc2 Rb8 26. Kf2 26... b5 { }
27. b4 $6 (27. cxb5 Rxb5 28. Rab1) 27... axb4 28. axb4 Rxe1 29. Rxe1 Ne6 30.
cxb5 Rxb5 31. Rd1 Ke7 32. Re1 Rxb4 33. Kg3 Kd7 34. Be4 Nxf4 35. Kxf4 f5 36. Kg5
Rxe4 37. Rd1 Ke6 38. Kh6 Rh4+ 39. Kg5 Rh5+ 40. Kf4 g5+ 41. Kf3 Rh4 0-1

[Event "XXVII. Abierto de Sevilla"]
[Site "?"]
[Date "2002.01.13"]
[Round "3"]
[White "Cabrera, A."]
[Black "Campora Perez, D."]
[Result "1-0"]
[WhiteElo "2440"]
[BlackElo "2132"]
[PlyCount "37"]
[EventDate "2002.01.12"]

1. e4 e5 2. Nf3 Nc6 3. Bc4 Bc5 4. c3 Nf6 5. d3 d6 6. O-O O-O 7. Nbd2 h6 8. Re1
Bd7 9. Bb3 Bb6 10. Nc4 Re8 11. Bc2 Bg4 12. h3 Bh5 13. Nxb6 axb6 14. g4 Bg6 15.
Nh4 Bh7 16. g5 Nd7 17. Qh5 hxg5 18. Bxg5 { } 18... f6 $2 (18... Nf6 19. Qf3 $14
) 19. Bb3+ 1-0